[Event "Mistrzostwa Polski Juniorow do lat 18 - Dziewczeta"]
[Site "Szklarska Poreba"]
[Date "1899-12-30"]
[Round "8.14"]
[White "Tarka, Aleksandra"]
[Black "Jedras, Adrianna"]
[Result "0-1"]
[WhiteTitle "I++"]
[BlackTitle "I"]
[WhiteElo "1706"]
[BlackElo "1440"]

1. e4 e5 2. d4 exd4 3. Qxd4 Nc6 4. Qe3 Bb4+ 5. Nc3 Nf6 6. Bd2 O-O 7. O-O-O d6 8.
Qg3 Re8 9. f3 a5 10. Bc4 Ne5 11. Be2 a4 12. h4 a3 13. b3 Bd7 14. h5 c5 15. Bh6
Nfg4 16. fxg4 Bxc3 17. Qxc3 gxh6 18. Rxd6 Qg5+ 19. Qd2 Bxg4 20. Qxg5+ hxg5 21.
Nf3 Nc6 22. Rd5 h6 23. Rxc5 Rxe4 24. Bd3 Bxf3 25. gxf3 Rf4 26. Be4 Rd8 27. Bxc6
bxc6 28. Rxc6 Rxf3 29. Rxh6 f6 30. Re1 Rd7 31. Rg6+ Kf7 32. Rh6 Kg7 33. Rg6+ Kh7
34. b4 Rf2 35. Kb1 Rf4 36. c3 Rf2 37. Ka1 Re2 38. Rf1 Rd6 39. Kb1 Rdd2 40. Rgxf6
Rb2+ 41. Kc1 Rxa2 42. Kd1 Reb2 43. Rf7+ Kh6 44. R7f6+ Kxh5 45. Rh1+ Kg4 46. Rg1+
Rg2 47. Rxg2+ Rxg2 48. Ra6 a2 49. Kc1 Kf5 50. b5 a1=Q+ 51. Rxa1 Rg1+ 52. Kb2 Rxa1
53. Kxa1 Ke6 54. b6 Kd7 55. Kb2 g4 0-1

[Event "Mistrzostwa Polski Juniorow do lat 18 - Dziewczeta"]
[Site "Szklarska Poreba"]
[Date "1899-12-30"]
[Round "8.15"]
[White "Drob, Julia"]
[Black "Choinska, Debora"]
[Result "0-1"]
[WhiteTitle "I"]
[BlackTitle "I++"]
[WhiteElo "1387"]
[BlackElo "1668"]

1. d4 d5 2. Bf4 Nf6 3. Nf3 e6 4. e3 Be7 5. Bd3 O-O 6. c3 c5 7. Nbd2 Nc6 8. Ne5
Bd6 9. Ndf3 Qc7 10. h4 b6 11. a4 Bb7 12. h5 Ne4 13. Nxc6 Bxf4 14. Ne7+ Qxe7 15.
exf4 cxd4 16. Nxd4 e5 17. Nf5 Qf6 18. Qg4 Bc8 19. Qxg7+ Qxg7 20. Nxg7 Kxg7 21.
fxe5 Nc5 22. Bc2 Re8 23. h6+ Kh8 24. f4 f6 25. Rh5 Bg4 26. Rh4 Bd7 27. b4 Nb7
28. O-O-O fxe5 29. Rxd5 Bc6 30. Rd2 a6 31. Rg4 Rg8 32. Rg7 Rxg7 33. hxg7+ Kxg7
34. fxe5 Re8 35. Re2 Nd8 36. Bb3 Nf7 37. e6 Ng5 38. b5 axb5 39. axb5 Bb7 40. Rd2
Bc8 41. Rd6 Bxe6 42. Bc2 Rb8 43. Kb2 Kf6 44. Rc6 Ke7 45. Rc7+ Bd7 46. Bf5 Ne6
47. Ra7 h6 48. c4 Nc5 49. Bxd7 Nxd7 50. Ra3 Rg8 51. g3 Rg4 52. Re3+ Kd6 53. Rd3+
Kc7 54. Rc3 Nc5 55. Ka3 Ne4 56. Rc1 Rxg3+ 57. Kb4 Nc5 0-1

[Event "Mistrzostwa Polski Juniorow do lat 18 - Dziewczeta"]
[Site "Szklarska Poreba"]
[Date "1899-12-30"]
[Round "8.16"]
[White "Sawa, Daria"]
[Black "Budkiewicz, Magdalena"]
[Result "1-0"]
[WhiteTitle "I"]
[BlackTitle "I++"]
[WhiteElo "1558"]
[BlackElo "1702"]

1. e4 c5 2. Nf3 e6 3. d4 cxd4 4. Nxd4 a6 5. Nc3 b5 6. a3 Bb7 7. Be3 d6 8. Bd3 Nf6
9. O-O Be7 10. f4 Nbd7 11. Kh1 O-O 12. Qe1 Nc5 13. Bd2 d5 14. e5 Nfe4 15. f5 Nxd3
16. cxd3 Nxd2 17. Qxd2 exf5 18. Nxf5 d4 19. Ne4 Bxe4 20. dxe4 Bc5 21. Rf3 Kh8
22. Raf1 Qc7 23. Qf4 Rae8 24. Nxg7 Qxe5 25. Nxe8 Qxf4 26. Rxf4 Rxe8 27. Rc1 Bd6
28. Rxf7 Kg8 29. Rd7 Be5 30. g3 d3 31. b3 Bb2 32. Rcc7 Bxa3 33. Rg7+ Kh8 34. Rxh7+
Kg8 35. Rhd7 1-0

[Event "Mistrzostwa Polski Juniorow do lat 18 - Dziewczeta"]
[Site "Szklarska Poreba"]
[Date "1899-12-30"]
[Round "8.17"]
[White "Zalucka, Emilia"]
[Black "Zygmunt, Magdalena"]
[Result "1-0"]
[WhiteTitle "I"]
[BlackTitle "I"]
[WhiteElo "1512"]
[BlackElo "1256"]

1. e4 e5 2. Nf3 Nc6 3. Bb5 Bc5 4. c3 Nf6 5. O-O O-O 6. d4 exd4 7. cxd4 Bb6 8. e5
Nd5 9. Bc4 Nde7 10. d5 Nb8 11. d6 cxd6 12. exd6 Ng6 13. Bg5 Bxf2+ 14. Rxf2 Qb6
15. Nc3 Qc5 16. Qd5 Qxd5 17. Nxd5 Na6 18. Be7 Re8 19. Bxa6 bxa6 20. Nc7 Nxe7 21.
dxe7 Rxe7 22. Nxa8 1-0

[Event "Mistrzostwa Polski Juniorow do lat 18 - Dziewczeta"]
[Site "Szklarska Poreba"]
[Date "1899-12-30"]
[Round "8.18"]
[White "Majdecka, Nikola"]
[Black "Zygmunt, Patrycja"]
[Result "0-1"]
[WhiteTitle "I"]
[BlackTitle "I"]
[WhiteElo "1098"]
[BlackElo "1230"]

1. e4 e5 2. d4 exd4 3. Qxd4 Nc6 4. Qe3 Nf6 5. Nc3 Bb4 6. Bd2 O-O 7. O-O-O Re8 8.
Bd3 d5 9. Qe1 Bxc3 10. Bxc3 Nxe4 11. Bxe4 Rxe4 12. Qf1 d4 13. Ne2 Qg5+ 14. f4
Qc5 15. Qf2 Bg4 16. Ng3 Re3 17. Rde1 Rae8 18. Rxe3 dxe3 19. Qe1 b5 20. h3 Bd7
21. Ne2 b4 22. Be5 Nxe5 23. fxe5 Rxe5 24. Qh4 Re8 25. Rd1 Bf5 26. Nd4 Bg6 27.
Kb1 h6 28. Re1 Re4 29. Qd8+ Kh7 30. Nb3 Qc6 31. h4 Rg4 32. h5 Qxc2+ 33. Ka1 Be4
34. Nd4 Qd2 35. Rf1 Rxg2 36. Rb1 Bxb1 37. Kxb1 Qxb2# 0-1

[Event "Mistrzostwa Polski Juniorow do lat 18 - Dziewczeta"]
[Site "Szklarska Poreba"]
[Date "1899-12-30"]
[Round "8.19"]
[White "Sloniec, Natalia"]
[Black "Taranowicz, Zofia"]
[Result "1/2-1/2"]
[WhiteTitle "II+"]
[BlackTitle "I"]
[WhiteElo "1124"]
[BlackElo "1185"]

1. e4 c6 2. d4 d5 3. exd5 cxd5 4. c3 Nf6 5. Nf3 Bf5 6. Bd3 Bxd3 7. Qxd3 e6 8. O-O
Bd6 9. h3 O-O 10. Re1 Nbd7 11. Be3 Qb6 12. Qc2 Rac8 13. Nbd2 Rc6 14. Nb3 Rfc8
15. Qe2 Qc7 16. Bd2 Ne4 17. Ng5 Ndf6 18. Be3 Qe7 19. Nd2 Bb8 20. Ngxe4 dxe4 21.
Bg5 Qd6 22. g3 e5 23. dxe5 Qxe5 24. Bxf6 Rxf6 25. Qxe4 Qc5 26. Qe8+ Qf8 27. Qxf8+
Kxf8 28. Re3 a6 29. Nb3 Ba7 30. Re2 Rf3 31. Rd1 Rxg3+ 32. Kh2 Rf3 33. Kg2 Rf6
34. Rd7 Rb8 35. Nd4 Bxd4 36. Rxd4 Re8 37. Red2 Rfe6 38. Rd7 R6e7 39. R7d6 Re6
40. Rd7 R6e7 41. R7d6 Rc7 42. Rd7 Rxd7 43. Rxd7 Rb8 44. Rc7 b5 45. Ra7 Rb6 46.
Kf3 Re6 47. b3 Rc6 48. c4 g6 49. cxb5 axb5 50. Rb7 Rc5 51. Ke4 Kg7 52. Kd4 Rc2
53. f4 Rxa2 54. Rxb5 Rh2 55. b4 Rxh3 56. Rb8 Rb3 57. b5 h5 58. b6 h4 59. Kc5 h3
60. Ra8 h2 61. Ra1 Kf6 62. Kc6 Rc3+ 63. Kb7 Ke7 64. Rd1 Rd3 65. Rh1 Rd2 66. Kc7
Rc2+ 67. Kb8 Kd7 68. b7 Kc6 69. Kc8 Kb6+ 70. Kb8 Kc6 71. Kc8 Kb6+ 72. Kb8 Kc6
73. Kc8 Kb6+ 1/2-1/2